Statistiques concernant hehe part 2

Cliquez ici pour prendre le quiz!

Statistiques générales

  • Ce quiz a été pris 8 fois
  • Le résultat moyen est 10 sur 17

Statistiques - réponses

HintRéponse% Correct
When did Truman start desegregating the army ?1948
100%
When was the Clean Air Act passed ?1970
67%
Who ran for president at the 1964 elections ?Goldwater
67%
Which president was assassinated in 1963 ?JFK
67%
Who replaced him ?Johnson
67%
Which president was elected in 1968 ?Nixon
67%
What was his political party ?Republican
67%
What are the RINOs ?Republican in name only
67%
Which law ended segregation in June 1964 ?The Civil Rights Act
67%
What is the name of the Southern democrats that left the party ?The Dixiecrats
67%
What do you call Lyndon Johnson's program ?The Great Society
67%
What did he have to define in order for his program to work ?The Poverty Line
67%
When was Eisenhower president ?1952-1961
33%
What is the EPA ?Environmental Protection Agency
33%
What did he establish concerning healthcare ?Medicaid and Medicare
33%
What was the North strongly opposed to ?The Vietnam War
33%
What philosophy did he believe in ?States' Rights
0%

Distribution des résultats

Percentile par nombre de réponses

% des personnes avec chaque résultat

Votre développement - résultats

Vous n’avez pas pris ce quiz